Rebríčky vysokých škôl ako nástroj hodnotenie kvality vysokoškolského vzdelávania

Význam medzinárodných rebríčkov kvality vysokých škôl v súčasnom období globalizácie. Hodnotenie kvality vysokoškolského štúdia na základe spracovania aktuálnych výsledkov renomovaných ratingových agentúr. Postavenie najlepších univerzít v Európe a vo svete.

Na minha lista:
Detalhes bibliográficos
Autor principal: Gonda, Vladimír
Formato: Capítulo de Livro
Idioma:eslovaco
Assuntos:
Tags: Adicionar Tag
Sem tags, seja o primeiro a adicionar uma tag!

MARC

LEADER 00000naa$a2200000$$$4500
001 0210188
005 20240502083524.7
041 0 |a slo 
044 |a PL 
245 1 0 |a Rebríčky vysokých škôl ako nástroj hodnotenie kvality vysokoškolského vzdelávania  |c Vladimír Gonda 
520 |a Význam medzinárodných rebríčkov kvality vysokých škôl v súčasnom období globalizácie. Hodnotenie kvality vysokoškolského štúdia na základe spracovania aktuálnych výsledkov renomovaných ratingových agentúr. Postavenie najlepších univerzít v Európe a vo svete. 
610 2 0 |a školstvo 
610 2 0 |a školy vysoké 
610 2 0 |a univerzity 
610 2 0 |a výučba vedecká 
610 2 0 |a financovanie školstva 
610 2 0 |a kvalita vzdelávania 
610 2 0 |a Európa 
610 2 0 |a svet 
100 1 |a Gonda, Vladimír